000 00677cam a22002413a 4500
001 19464
003 PGUSA
005 20140828083419.0
008 061004s2006||||xxu|||||s|||||000 | eng d
040 _aPGUSA
_beng
042 _adc
050 4 _aE011
100 1 _aDorsey, James Owen,
_d1848-1895
245 1 0 _aOsage Traditions
_h[electronic resource] /
_cJames Owen Dorsey
260 _bProject Gutenberg,
_c2006
506 _aPublic domain in the USA.
516 _aElectronic text
653 _aOsage Indians -- Folklore
653 _aOsage language -- Texts
830 0 _aProject Gutenberg
_v19464
856 4 0 _uhttp://www.gutenberg.org/ebooks/19464
942 _cEB
999 _c248719
_d248719